| 000 | 00000nas##2200000za#4500 |
| 001 | 9.502805 |
| 003 | CaOODSP |
| 005 | 20210305161732 |
| 007 | cr ||||||||||| |
| 008 | 150406c2002||||xxc|| m o||||f| |0fre|d |
| 040 | |aCaOODSP|bfre |
| 043 | |an-cn--- |
| 086 | 1 |aYC2-1-0F-PDF |
| 110 | 1 |aCanada.|bSénat. |bComité spécial sur les Drogues illicites. |
| 245 | 10|aRapport du Comité spécial du Sénat sur les drogues illicites |h[ressource électronique] |
| 260 | |aOttawa - Ontario : |bSénat. |cSeptembre 2002. |
| 310 | |aIrrégulier |
| 362 | 1 |a[37e législature, 1e session, 5e rapport] - [37e législature, 1e session, 5e rapport, sommaire] |
| 691 | 07|aDrogue|2gcpds |
| 775 | 08|tReport of the Senate Special Committee on Illegal Drugs |w(CaOODSP)9.506410 |